000 00274nam a22001217a 4500
041 _aENG
100 _aNagarseker.P.L
245 _aTinplate In Packaging
260 _aIndia
_bIndia Institute Of Packaging
_c1996
300 _a536
650 _aAPE
856 _uAPE ( 02 )
999 _c1612
_d1612